Military history applied to modern warfare (Record no. 552388)
[ view plain ]
| 000 -LEADER | |
|---|---|
| fixed length control field | 00777cam a2200181K 4500 |
| 082 ## - DEWEY DECIMAL CLASSIFICATION NUMBER | |
| Classification number | 355.02 |
| Author Mark | DON |
| -- | D |
| 100 1# - MAIN ENTRY--PERSONAL NAME | |
| Personal name | Donaldson, John William Edward, |
| 9 (RLIN) | 49602 |
| 245 10 - TITLE STATEMENT | |
| Title | Military history applied to modern warfare |
| Remainder of title | A guide to the study of military history exemplified by studies of the campaigns of Austerlitz, Jena, Vimiero, Corunna, Salamanca, Waterloo, and the Shenandoah Valley. |
| Statement of responsibility, etc. | By the late Captain J.W.E. Donaldson. |
| 250 ## - EDITION STATEMENT | |
| Edition statement | 2d ed., |
| 260 ## - PUBLICATION, DISTRIBUTION, ETC. | |
| Place of publication, distribution, etc. | London, |
| Name of publisher, distributor, etc. | Hugh Rees Ltd., |
| Date of publication, distribution, etc. | 1907. |
| 300 ## - PHYSICAL DESCRIPTION | |
| Extent | 1 online resource (xxiv, 395 p.) |
| 526 ## - STUDY PROGRAM INFORMATION NOTE | |
| Program name | 0 |
| Interest level | 0 |
| Reading level | 0 |
| Title point value | 355_020000000000000_DON |
| 650 #0 - SUBJECT ADDED ENTRY--TOPICAL TERM | |
| Topical term or geographic name entry element | MCE |
| 9 (RLIN) | 379 |
| 650 #0 - SUBJECT ADDED ENTRY--TOPICAL TERM | |
| Topical term or geographic name entry element | Strategy. |
| 700 1# - ADDED ENTRY--PERSONAL NAME | |
| Personal name | Becke, Archibald Frank, |
| 9 (RLIN) | 49603 |
| 856 40 - ELECTRONIC LOCATION AND ACCESS | |
| Uniform Resource Identifier | <a href="http://catalog.hathitrust.org/api/volumes/oclc/809191.html">http://catalog.hathitrust.org/api/volumes/oclc/809191.html</a> |
| 942 ## - ADDED ENTRY ELEMENTS (KOHA) | |
| Source of classification or shelving scheme | |
| Koha item type | Book |
| Withdrawn status | Lost status | Source of classification or shelving scheme | Damaged status | Not for loan | Permanent Location | Current Location | Shelving location | Date acquired | Total Checkouts | Full call number | Barcode | Date last seen | Price effective from | Koha item type |
|---|---|---|---|---|---|---|---|---|---|---|---|---|---|---|
| Military College of Engineering (MCE) | Military College of Engineering (MCE) | 01/14/2015 | 355.02 DON | MCE-ECM/140 | 01/14/2015 | 03/14/2021 | Book |
